Applied Mechanics (Record no. 7725)

000 -LEADER
fixed length control field 00355nam a2200145Ia 4500
008 - FIXED-LENGTH DATA ELEMENTS--GENERAL INFORMATION
fixed length control field 200103s9999||||xx |||||||||||||| ||und||
020 ## - INTERNATIONAL STANDARD BOOK NUMBER
International Standard Book Number 0273316206,
082 ## - DEWEY DECIMAL CLASSIFICATION NUMBER
Classification number Column-33
100 ## - MAIN ENTRY--PERSONAL NAME
Personal name Hannah, J. and Hillier, M. J.
245 #0 - TITLE STATEMENT
Title Applied Mechanics
260 ## - PUBLICATION, DISTRIBUTION, ETC. (IMPRINT)
Name of publisher, distributor, etc pitman Publishing, London
Date of publication, distribution, etc 1982
300 ## - PHYSICAL DESCRIPTION
Extent iv, 444
942 ## - ADDED ENTRY ELEMENTS (KOHA)
Item type Books
Holdings
Withdrawn status Lost status Source of classification or shelving scheme Damaged status Not for loan Collection code Permanent location Current location Shelving location Date acquired Total Checkouts Full call number Barcode Date last seen Date last borrowed Koha item type
          Non-fiction IMU-MPC Library IMU-MPC Library General Stacks 2020-01-08 2 Column-33 LBSD506 2025-03-17 2023-08-23 Books
Copyright © 2021 Indian Maritime University, Mumbai Port Campus. All Rights Reserved. Managed & Maintained by Central Library, IMU-Mumbai

webs counters

Powered by Koha